[Event "FRA-chT4 0506"]
[Site "Bretagne"]
[Date "2005.12.04"]
[Round "3"]
[White "Buisson, Benoit"]
[Black "Rousseau, Emmanuel"]
[Result "1-0"]
[WhiteElo "1660"]
[BlackElo "1670"]
[PlyCount "83"]
[EventDate "2005.10.16"]
[EventType "team"]
[EventRounds "7"]
[EventCountry "FRA"]
[SourceTitle "EXT 2007"]
[Source "ChessBase"]
[SourceDate "2006.11.23"]
[SourceVersion "1"]
[SourceVersionDate "2006.11.23"]
[SourceQuality "1"]

1. c4 Nf6 2. Nf3 e6 3. g3 b6 4. Nc3 Bb4 5. Bg2 c6 6. 0-0 Bxc3 7. bxc3 Bb7 8. Nd4 0-0 9. d3 h6 10. a4 Na6 11. Ba3 Re8 12. Bd6 Nc5 13. Nb3 Nxb3 14. Qxb3 Rc8 15. a5 Ba8 16. axb6 axb6 17. Ra6 b5 18. cxb5 cxb5 19. Bxa8 Rxa8 20. Qxb5 Nd5 21. Rxa8 Qxa8 22. c4 Nc3 23. Qb2 Na4 24. Qb4 Qc6 25. Ra1 Ra8 26. Qb5 Nc3 27. Rxa8+ Qxa8 28. Qb2 Na4 29. Qb8+ Qxb8 30. Bxb8 Kf8 31. Bd6+ Ke8 32. f4 Kd8 33. Kf2 Kc8 34. e4 Kb7 35. Bf8 g6 36. Bxh6 Kc6 37. Bg7 Kc5 38. h4 Kb4 39. g4 Kb3 40. f5 exf5 41. exf5 gxf5 42. h5 1-0